000 00572nam a2200229Ia 4500
003 OSt
005 20230331151708.0
008 210423s2007 xx 000 0 und d
020 _a8130906309
040 _cAL
041 _aeng
082 _a330 STRH
100 _aSTRETTON (Hugh)
_981044
245 _aEconomics: new introduction
260 _aNew Delhi
_bViva Books Pvt Ltd
_c2007
300 _axii,852
_bPB
365 _b395
_cINR
650 _aEconomics
_981045
650 _aEconomics
_981045
906 _aEconomics: ; introduction ; new
942 _2ddc
_cBK
999 _c157723
_d157723